000 00427nam a2200169Ia 4500
003 GCL
008 140319s9999 xx 000 0 eng d
040 _aGCL /
_cGCL
082 0 4 _a843
_bM S
100 1 _aMOHRT, MICHEL
245 1 0 _aUN SOIR, A LONDRES /
_cMOHRT, MICHEL
260 _a[S.N] :
_bGALLIMARD ،
_c1991
490 _aCOLLECTION FOLIO
_v0
650 0 4 _aLITERATURE
650 0 4 _aFRENCH LITERATURE
942 _2ddc
_cBK
999 _c22975
_d22975